00924caa a2200217u 4500003000800000005001700008008004100025035001400066040002400080041000800104082002200112100004100134245022400175260003900399300002100438600005800459600004200517942001200559999001700571952011800588BD-RjUL20250729120003.0250728s18101875enk 000 0 eng  a(BD-RjUL) aDLCcCarPdDLCbeng aeng 223a840bKIC 18751 aThynne, Francis,d1545?-1608.91632100aAnimaduersions vppon the annotacions and correctōns of some imperfectōns of impressōnes of Chaucers workes (sett downe before tyme and nowe) reprinted in the yere of Our Lorde 1598./cSett downe by Francis Thynne. aLondon,c1875.bN. Trubner & co. , a394 p. ;c22 cm.10aChaucer, Geoffrey,d-1400xCriticism, Textual.91632210aSpeight, Thomas,dactive 1600.916323 2ddccBK c85352d85352 00102ddc40718NFICaRUCLbRUCLcReadingd2025-07-29l0o840 KIC 1875r2025-07-29 00:00:00tC-1w2025-07-29yBK